01016nac a22002657a 4500001001000000003000900010005001700019008003400036040005400070072000800124090001800132100002200150100002000172110007000192245003500262260003700297300000900334490010500343500006200448650001300510909004700523942001700570999001900587952014400606BR8404474BR-BrBNA20240105120152.0230509b bl.|||m| |||| 00| 0 por d aBR-BrBNAbporcBiblioteca Nacional de Agricultura aP06 aP06 BR84044741 aBarros, J.R.M. de1 aGuarnieri, L.C.1 aInstituto de Pesquisas Tecnologicas, Sao Paulo, SP (Brasil)962241 aEnergia alternativa e o futuro3 aSao Paulo, SP (Brasil): c1984.  a8 p. aComunicacao Tecnica - Instituto de Pesquisas Tecnologicas do Estado de Sao Paulo (Brazil)vno. 303x aReprint of "Conjuntura Economica", 37(8): 84-91, Aug 1983 aBIOMASSA a202312bLúcia Elandec55dLúcia Elande 2AGRISn0cMS c278185d278185 002AGRIS40708Acervo Gerala41918b41918cAGROBASEl0oP06 BR8404474pP06 BR8404474r2023-12-18yMSePortaria Interministerial nº 164/94